Hymnes nationaux du monde à partir de pays - Statistiques

Statistiques générales
  • Ce quiz a été pris 3 fois
  • Le résultat moyen est 2 sur 196
Statistiques - réponses
Pays Hymne % Correct
France La Marseillaise
100%
Japon Kimi ga yo
50%
Belgique La Brabançonne
50%
Arabie Saoudite ‘Āash al-malik
0%
Australie Advance Australia Fair
0%
Corée du Sud Aegukga
0%
Corée du Nord Aegukka
0%
Yémen al-Jumhūrīyah al-Muttaḥidah
0%
Brunei Allah Peliharakan Sultan(at)
0%
Liberia All Hail, Liberia Hail
0%
Bangladesh Amar Shonar Bangla
0%
Irlande Amhrán na bhFiann
0%
Angola Angola Avante
0%
Maroc An-Našīd Al-Waṭanī
0%
Koweït an-Našīd al-Waṭanī al-Kuwayt
0%
Portugal A Portuguesa
0%
Qatar As Salam al Amiri
0%
Jordanie As-salam al-malaki al-ourdouni
0%
Azerbaïdjan Azərbaycan Respublikasının Dövlət Himni
0%
Bahreïn Baḥraynunā
0%
Palaos Belau rekid
0%
Égypte Biladi, Biladi, Biladi
0%
Bolivie Bolivianos, El Hado Propicio
0%
Serbie Bože Pravde
0%
Burundi Burundi bwacu
0%
Guinée équatoriale Caminemos pisando las sendas de nuestra inmensa felicidad
0%
Cap-Vert Cântico da Liberdade
0%
Suisse Cantique suisse
0%
Cameroun Chant de Ralliement
0%
Allemagne Das Lied der Deutschen
0%
Guyana Dear Land of Guyana, of Rivers and Plains
0%
République démocratique du Congo Debout Congolais
0%
Macédoine du Nord Denes nad Makedonija
0%
Roumanie Deșteaptă-te, române!
0%
Lettonie Dievs, Sveti Latviju
0%
Burkina Faso Ditanyè
0%
Djibouti Djibouti
0%
Bhoutan Druk tsendhen
0%
Suède Du gamla, du fria
0%
Kenya Ee Mungu Nguvu Yetu
0%
Andorre El Gran Carlemany
0%
Érythrée Ertra, Ertra, Ertra
0%
Guinée-Bissau Esta é a Nossa Pátria Bem Amada
0%
Kosovo Europa
0%
Antigua-et-Barbuda Fair Antigua, We Salute Thee
0%
Botswana Fatshe leno la rona
0%
Îles Marshall Forever Marshall Islands
0%
Trinité-et-Tobago Forged from the Love of Liberty
0%
Gambie For The Gambia Our Homeland
0%
Italie Fratelli d'Italia
0%
Turkménistan Garassyz, Bitarap, Türkmenistanyn Döwlet Gimni
0%
Maldives Gavmii mi ekuverikan matii tibegen kuriime salaam
0%
Birmanie Gba Majay Bma
0%
Venezuela Gloria al bravo pueblo
0%
Fidji God Bless Fiji
0%
Ghana God Bless Our Homeland Ghana
0%
Îles Salomon God Save Our Salomon Islands
0%
Royaume-Uni God Save the King
0%
Nouvelle-Zélande God Save the King / God Defend New Zealand
0%
Suriname God zij met ons Suriname
0%
Russie Gossoudarstvennyï gimn Rossiïskoï Federatsii
0%
Guatemala Guatemala Feliz
0%
Grenade Hail Grenada
0%
Israël Hatikvah
0%
Sierra Leone High We Exalt Thee, Realm of the Free
0%
Panama Himno Istmeño
0%
Argentine Himno Nacional Argentino
0%
Chili Himno Nacional de Chile
0%
Salvador Himno Nacional de El Salvador
0%
Colombie Himno Nacional de la República de Colombia
0%
Mexique Himno Nacional Mexicano
0%
Brésil Hino Nacional Brasileiro
0%
Syrie Ḥumāt ad-diyār
0%
Tunisie Ḥumât al Ḥimâ
0%
Monaco Hymne monégasque
0%
Albanie Hymni i Flamurit
0%
Chypre Hýmnos eis tin Eleutherían
0%
Grèce Hýmnos eis tin Eleutherían
0%
Sao Tomé-et-Principe Independência total
0%
Indonésie Indonesia Raya
0%
Vatican Inno e Marcia Pontificale
0%
Saint-Marin Inno Nazionale della Repubblica
0%
Barbade In Plenty and In Time of Need
0%
Bosnie-Herzégovine Intermeco
0%
Émirats arabes unis Ishy Bilady
0%
Dominique Isle of Beauty, Isle of Splendour
0%
Hongrie Isten, áldd meg a magyart
0%
Turquie İstiklâl Marşı
0%
Jamaïque Jamaica, Land We Love
0%
Inde Jana Gana Mana
0%
Norvège Ja, vi elsker dette landet
0%
Zimbabwe Kalibusiswe Ilizwe leZimbabwe
0%
République Tchèque Kde domov můj?
0%
Tonga Ko e Fasi 'o e Tu'i 'o e 'otu Tonga
0%
Danemark Kong Christian stod ved højen mast / Der er et yndigt land
0%
Seychelles Koste Seselwa
0%
Liban Koullouna Lilouataan Lil Oula Lil Alam
0%
Kiribati Kunan Kiribati
0%
Kirghizistan Kyrgyz Respublikasynyn Mamlekettik Gimni
0%
Cuba La Bayamesa
0%
Côte d'Ivoire L'Abidjanaise
0%
Gabon La Concorde
0%
République du Congo La Congolaise
0%
Haïti La Dessalinienne
0%
Autriche Land der Berge, Land am Strome
0%
Belize Land of the Free
0%
République centrafricaine La Renaissance
0%
Tchad La Tchadienne
0%
Bénin L'aube nouvelle
0%
Sénégal Le Lion rouge
0%
Lesotho Lesōthō fatše la bo ntat'a rōna
0%
Guinée Liberté
0%
Libye Lībiyā, Lībiyā, Lībiyā
0%
Croatie Lijepa naša domovino
0%
Moldavie Limba noastră
0%
Malte L-Innu Malti
0%
Islande Lofsöngur
0%
Philippines Lupang Hinirang
0%
Finlande Maamme
0%
Singapour Majulah SIngapura
0%
Mali Mali
0%
Espagne Marcha Real
0%
Bahamas March On, Bahamaland
0%
Irak Mawtini
0%
Pologne Mazurek Dąbrowskiego
0%
Kazakhstan Meniñ Qazaqstanym
0%
Maurice Mère Patrie
0%
Arménie Mer Hayrenik
0%
Bulgarie Mila Rodino
0%
Afghanistan Milli Tharana
0%
Malawi Mlungu dalitsani malawi
0%
Estonie Mu isamaa, mu ōnn ja rōōm
0%
Tanzanie Mungu ibariki Afrika
0%
Biélorussie My, Bielaroussy
0%
Mauritanie Nachid al-watani
0%
Slovaquie Nad Tatrou sa blýska
0%
Soudan Naḥnu Jundu Allâh Jundu al Waṭan
0%
Namibie Namibia, Land of the Brave
0%
Oman Nashid as-Salam as-Sultani
0%
Nauru Nauru Bwiema
0%
Malaisie Negaraku
0%
Nigeria Nigeria, We Hail Thee
0%
Afrique du Sud Nkosi Sikelel'iAfrika
0%
Eswatini Nkulunkulu Mnikati wetibusiso temaSwati
0%
Costa Rica Noble patria, tu hermosa bandera
0%
Cambodge Nokoreach
0%
Papouasie-Nouvelle-Guinée O Arise All You Sons of This Land
0%
Liechtenstein Oben am jungen Rhein
0%
Canada Ô Canada
0%
Saint-Christophe-et-Niévès Oh Land of Beauty
0%
Ouganda Oh Uganda, Land of Beauty
0%
Monténégro Oj, svijetla majska zoro
0%
Luxembourg Ons Heemecht
0%
Uruguay Orientales, la Patria o la tumba
0%
Ouzbékistan O'zbekiston Respublikasining Davlat Madhiyasi
0%
Paraguay Paraguayos, República o muerte
0%
Timor oriental Pátria
0%
Mozambique Pátria Amada
0%
États fédérés de Micronésie Patriots of Micronesia
0%
Laos Pheng Xat Lao
0%
Thaïlande Phleng Chat
0%
Niger Pour l'honneur de la patrie
0%
Algérie Qassaman
0%
Pakistan Qaumi Tarana
0%
Somalie Qolobaa Calankeed
0%
République dominicaine Quisqueyanos valientes
0%
Rwanda Rwanda Nziza
0%
Madagascar Ry Tanindrazanay malala ô
0%
Saint-Vincent-et-les-Grenadines Saint Vincent Land So Beautiful
0%
Nicaragua Salve a ti
0%
Équateur Salve, Oh Patria
0%
Taïwan San Min Chu-i
0%
Népal Sayaun Thunga Phool Ka
0%
Ukraine Šče ne vmerla Ukraïny i slava, i volia
0%
Pérou Somos libres, seámoslo siempre
0%
Sainte-Lucie Sons and Daughters of Saint Lucia
0%
Iran Sorud-é Djoumhuri-yé Eslami
0%
Soudan du Sud South Sudan Oyee!
0%
Sri Lanka Srī Lankā Mātā
0%
Zambie Stand and Sing of Zambia, Proud and Free
0%
Mongolie Süld duu Mongol
0%
Tadjikistan Surudi milli (Toçikiston)
0%
Lituanie Tautiška giesmė
0%
Géorgie Tavisoupleba
0%
Togo Terre de nos aïeux
0%
Samoa The Banner of Freedom
0%
États-Unis The Star-Spangled Banner
0%
Viêt Nam Tiến Quân Ca
0%
Honduras Tu bandera es un lampo de cielo
0%
Tuvalu Tuvalu mo te Atua
0%
Comores Udzima wa yamasiwa
0%
Éthiopie Wedefit Gesgeshi Woude Enat Ityopya
0%
Pays-Bas Wilhelmus van Nassouwe
0%
Chine Yìyǒngjūn Jìnxíngqǔ
0%
Vanuatu Yumi, Yumi, Yumi
0%
Slovénie Zdravljica
0%
Aucun quiz correspondant
Distribution des résultats
% des personnes avec chaque résultat
Percentile par nombre de réponses
Votre historique - résultats
Vous n’avez pas pris ce quiz